| 000 | 00402nam a2200145Ia 4500 | ||
|---|---|---|---|
| 999 |
_c12161 _d12161 |
||
| 082 | _aTR.0113 | ||
| 100 | _aRam Chander | ||
| 245 | 0 | _aCost-output analysis in relation to the systems of landholdings in Haryana | |
| 260 |
_c1972 _bKurukshetra University |
||
| 300 | _a146p. + C D - 52 | ||
| 650 | _aFARM VALUATION - HARYANA | ||
| 650 | _aLAND - HARYANA | ||
| 710 | _aMishra, Vikas | ||
| 942 |
_cTH _2ddc |
||